Annual report /

Bibliographic Details
Previous Title:Hydraulics research.
Uniform Title:Annual report (Hydraulics Research Station (Great Britain))
Corporate Author: Hydraulics Research Station (Great Britain)
Format: Serial
Language:English
Published: London : H.M.S.O., 1977-1981.
Subjects:

MARC

Tag First Indicator Second Indicator Subfields
LEADER 00000aas a2200000 a 4500
001 in00000084511
005 20151008061422.0
008 810126d19771980enkar f0uuua0eng d
010 |a  81641924  
012 |a 4 
035 |a (OCoLC)07082811 
035 |9 AAJ8015AM 
037 |b H.M.S.O., 49 High Holborn, London WC1V 6HB 
040 |a CLE  |c CLE  |d DLC  |d NST  |d DLC  |d TXA  |d UtOrBLW 
042 |a lc 
043 |a e-uk--- 
049 |a TXAE 
050 0 0 |a TC1  |b .W2a 
082 0 |a 627/.05  |2 19 
090 |a TC1  |b .G72 
130 0 |a Annual report (Hydraulics Research Station (Great Britain)) 
245 1 0 |a Annual report /  |c Hydraulics Research Station (Great Britain). 
264 1 |a London :  |b H.M.S.O.,  |c 1977-1981. 
300 |a volumes :  |b illustrations ;  |c 30 cm. 
310 |a Annual 
336 |a text  |b txt  |2 rdacontent 
337 |a unmediated  |b n  |2 rdamedia 
338 |a volume  |b nc  |2 rdacarrier 
362 0 |a 1977-1980. 
650 0 |a Hydraulic engineering  |x Research  |z Great Britain. 
710 2 |a Hydraulics Research Station (Great Britain) 
780 0 0 |a Hydraulics research. 
890 |a Annual report (Hydraulics Research Station (Great Britain)) 
948 |a t2 
999 |a MARS 
999 f f |s 736977f4-e05a-3a8e-b23e-7c11ed70a618  |i 6837cab5-33eb-37f0-8738-00a882009f20  |t 0 
952 f f |p ric  |a Texas A&M University  |b Rellis Campus  |c Joint Library Facility  |d Remote Storage  |t 0  |e TC1 .G72  |h Library of Congress classification  |i unmediated -- volume  |k 1979  |m A14834882512 
952 f f |p ric  |a Texas A&M University  |b Rellis Campus  |c Joint Library Facility  |d Remote Storage  |t 0  |e TC1 .G72  |h Library of Congress classification  |i unmediated -- volume  |k 1978  |m A14825697641 
952 f f |p ric  |a Texas A&M University  |b Rellis Campus  |c Joint Library Facility  |d Remote Storage  |t 0  |e TC1 .G72  |h Library of Congress classification  |i unmediated -- volume  |k 1980  |m A14806452480 
952 f f |p ric  |a Texas A&M University  |b Rellis Campus  |c Joint Library Facility  |d Remote Storage  |t 0  |e TC1 .G72  |h Library of Congress classification  |i unmediated -- volume  |k 1977  |m A14834880332 
998 f f |a TC1 .G72  |s 1977-1980  |t 0  |l Remote Storage